00768nam a22002177a 450000500170000001000150001702000260003203500140005803700090007208200110008110000260009224500610011825000060017926000410018527000880022630000190031450000260033394200220035999900190038195201500040020250707142654.0 aENG-145746 a9789361597992c250.00 aEN-129278 bDBAD a00021 aPujara, Bhavuk982680 aNTA CUET UG 2025:bGeneral Aptitute Test/cBhavuk Pujara a1 aNoidabPearson India Educationc2025 a15th Floor, Towe-B, World Trade Tower, Plot No.1, Block-C, Sector-16bNoidae201301 avpp.c23cm(pb) aPrevious Years Papers 2ddccENh000mPUJ c212169d212169 001040708NFICaMbMd2025-07-07eDelivery of Books Act Divisiong250.00l0o000 PUJpEN-129278r2025-07-07 00:00:00t1v250.00w2025-07-07yEN